Symmetric bilinear forms /
Guardado en:
| Autor Principal: | |
|---|---|
| Otros Autores: | |
| Formato: | Libro |
| Idioma: | English |
| Publicado: |
New York :
Springer-Verlag,
1973.
|
| Series: | Ergebnisse der Mathematik und ihrer Grenzgebiete ;
Bd. 73 |
| Materias: | |
| Etiquetas: |
Agregar Etiqueta
Sin Etiquetas, Sea el primero en etiquetar este registro!
|
| LEADER | 00783cam a2200241 a 4500 | ||
|---|---|---|---|
| 001 | MAT.inmabb004413 | ||
| 008 | 730330s1973####nyua#####b####001#0#eng## | ||
| 005 | 20130307105517.0 | ||
| 245 | 1 | 0 | |a Symmetric bilinear forms / |c J. Milnor, D. Husemoller. |
| 260 | |a New York : |b Springer-Verlag, |c 1973. | ||
| 300 | |a viii, 146 p. : |b il. ; |c 24 cm. | ||
| 440 | 0 | |a Ergebnisse der Mathematik und ihrer Grenzgebiete ; |v Bd. 73 | |
| 504 | |a Bibliografía: p. [141]-143. | ||
| 510 | 4 | |a MR, |c 58 #22129 | |
| 020 | |a 038706009X | ||
| 100 | 1 | |a Milnor, John Willard, |d 1931- | |
| 700 | 1 | |a Husemöller, Dale. | |
| 650 | 0 | |a Bilinear forms. | |
| 650 | 0 | |a Forms, Quadratic. | |
| 084 | |a 15A63 (11E39 57Rxx) |2 msc2000 | ||
| 010 | |a 72090190 | ||
| 040 | |a DLC |c DLC |d DLC | ||
| 859 | |h 15 |i M659 |p A-4323 |b BIB. MATEMATICA | ||
